Zmeny v spotrebiteľskom správaní vo vybranej maloobchodnej prevádzke diplomová práca

Guardado en:
Detalles Bibliográficos
Autor principal: Vargová, Michaela
Autor Corporativo: Obchodná fakulta EU. Katedra marketingu
Otros Autores: Žák, Štefan, 1971-
Formato: Libro
Lenguaje:eslovaco
Publicado: Bratislava 2024
Etiquetas: Agregar Etiqueta
Sin Etiquetas, Sea el primero en etiquetar este registro!

MARC

LEADER 00000nbm a2200000 4500
001 0302123
005 20241206153553.9
041 0 |a slo 
044 |a SK 
245 1 0 |a Zmeny v spotrebiteľskom správaní vo vybranej maloobchodnej prevádzke  |b diplomová práca  |c Michaela Vargová ; školiteľ: Štefan Žák 
264 1 |a Bratislava  |c 2024 
300 |a 65 s. 
100 1 |a Vargová, Michaela 
700 1 |a Žák, Štefan, 1971- 
710 2 |a Obchodná fakulta EU. Katedra marketingu